1426 1617 1266 1057 1877 1962 1940 1899 1394 1110 1829 1354 1239 1229 1677 1303 1395 1315 1284 1010 1601 1282 1494 1940 1638 1358 1499 1683 1847 1716 1577 1627 1940 1633 1314 1383 1615 1456 1847 1997 1446 1950 1067 1684 1546 1438 1418 1095 1006 1580 1371 1236 1629 1094 1087 1959 1445 1479 1542 1426 1563 1210 1929 1338 1033 1255 1882 1390 1183 1986 1574 1804 1853 1531 1447 1483 1821 1992 1999 1684 1247 1436 1430 1640 1310 1884 1569 1904 1972 1817 1392 1428 1993 1962 1749 1022 1584 1125 1284 BCNSPRNW ULIB Ver.6.0+V

เปลี่ยนเป็นภาษาไทย

Change to English
 แสดงรายละเอียดบรรณานุกรม
  กลับหน้าหลัก

Brief Record : Get Marc (ISO 2709) : E-mail record : QR code < ปิดหน้าต่าง
LEADER : 00000nam 2200000uu 4500
001    13399112917
003     ULIB
008    110919s2553||||th 000 0 tha d
020    9786167081632
090    นว.^bพ262ว 2553
100 0  พรรณทิพา
245 00 วังวนพิศวาส/^cพรรณทิพา
250    พิมพ์ครั้งที่ 1
260    กรุงเทพฯ :^bSMART BOOK,^c2553
300    279 หน้า
945    ^p220^l0^i17080
995    กัณชพร
999     ^aใช้งานได้ทุกระบบ
รายการนี้ยังไม่มีแท็ก
คุณยังไม่ได้ล็อกอิน คุณสามารถมีกิจกรรมร่วมกับเว็บไซต์ได้ แต่ต้องล็อกอินก่อน ::
  ล็อกอิน

รายการสื่อสารสนเทศ

ลำดับที่ ประเภท เลขเรียก/บาร์โค้ด สถานที่ สถานะ
1. นวนิยาย
นวนิยาย
นว. พ262ว 2553  
  Barcode: 17080
ห้องสมุดวิทยาเขตสวรรค์ประชารักษ์
►นวนิยาย
บนชั้น
  ขอยืม

รายการใกล้เคียง
    ผู้แต่ง [พรรณทิพา]

BibComment


ยังไม่เคยถูกคอมเมนท์

คอมเมนท์ทรัพยากรรายการนี้
  คอมเมนท์: วังวนพิศวาส พรรณท..


 Copyright 2026. Bcnsprnw @Library